LIBRARY & INFORMATION CENTRE, KCAET, TAVANUR

ONLINE PUBLIC ACCESS CATALOGUE (OPAC)

Thin film fundamentals / (Record no. 7503)

MARC details
000 -LEADER
fixed length control field 00504cam a2200193ua 4500
020 ## - INTERNATIONAL STANDARD BOOK NUMBER
ISBN 81-224-0858-3
041 ## - LANGUAGE CODE
Language code of text/sound track or separate title eng
082 ## - DEWEY DECIMAL CLASSIFICATION NUMBER
Classification number 530.4175
Item number GOS/TH
100 ## - MAIN ENTRY--AUTHOR NAME
Personal name Goswami, A .
245 ## - TITLE STATEMENT
Title Thin film fundamentals /
260 ## - PUBLICATION, DISTRIBUTION, ETC. (IMPRINT)
Place of publication New Delhi :
Name of publisher New Age International Ltd ,
Year of publication 1996.
300 ## - PHYSICAL DESCRIPTION
Number of Pages 548 ; .
500 ## - GENERAL NOTE
General note 20317 CSS , 19988 Reference
942 ## - ADDED ENTRY ELEMENTS (KOHA)
Koha item type Books
Holdings
Withdrawn status Lost status Damaged status Home library Current library Shelving location Date acquired Full call number Accession Number Koha item type
      KAUAET KAUAET Scheme 07/04/2012 530.4175 GOS/TH 20317 Book Bank scheme for SC students
      KAUAET KAUAET   07/04/2012 530.4175 19988 Reference
free website counter